<?xml version="1.0" encoding="UTF-8"?>
<record
    xmlns:xsi="http://www.w3.org/2001/XMLSchema-instance"
    xsi:schemaLocation="http://www.loc.gov/MARC21/slim http://www.loc.gov/standards/marcxml/schema/MARC21slim.xsd"
    xmlns="http://www.loc.gov/MARC21/slim">

  <leader>02574nam a2200529 u 4500</leader>
  <controlfield tag="001">773383</controlfield>
  <controlfield tag="005">20260506095347.0</controlfield>
  <controlfield tag="008">020906e20020202                    spa  </controlfield>
  <datafield tag="020" ind1=" " ind2=" ">
    <subfield code="a">958061010X</subfield>
  </datafield>
  <datafield tag="035" ind1=" " ind2=" ">
    <subfield code="a">773383</subfield>
  </datafield>
  <datafield tag="035" ind1=" " ind2=" ">
    <subfield code="a">(OCoLC)318248455</subfield>
  </datafield>
  <datafield tag="040" ind1=" " ind2=" ">
    <subfield code="c">comduadb</subfield>
  </datafield>
  <datafield tag="041" ind1=" " ind2=" ">
    <subfield code="a">spa</subfield>
  </datafield>
  <datafield tag="080" ind1=" " ind2=" ">
    <subfield code="a">HB</subfield>
  </datafield>
  <datafield tag="082" ind1=" " ind2="4">
    <subfield code="a">330</subfield>
  </datafield>
  <datafield tag="100" ind1="1" ind2="0">
    <subfield code="a">Alameda Ospina, Ra&#xFA;l,</subfield>
    <subfield code="d">1925-2011</subfield>
    <subfield code="4">aut</subfield>
    <subfield code="e">aut</subfield>
    <subfield code="9">494193</subfield>
  </datafield>
  <datafield tag="245" ind1="1" ind2="0">
    <subfield code="a">Modelos de desarrollo economico : Colombia 1960-2002</subfield>
  </datafield>
  <datafield tag="260" ind1=" " ind2=" ">
    <subfield code="a">Bogot&#xE1; :</subfield>
    <subfield code="b">Editorial Oveja Negra,</subfield>
    <subfield code="c">2002.</subfield>
  </datafield>
  <datafield tag="300" ind1=" " ind2=" ">
    <subfield code="a">484 p&#xE1;ginas</subfield>
  </datafield>
  <datafield tag="650" ind1=" " ind2="7">
    <subfield code="a">Desarrollo econ&#xF3;mico</subfield>
    <subfield code="z">Colombia</subfield>
    <subfield code="2">lemb</subfield>
    <subfield code="9">10449</subfield>
  </datafield>
  <datafield tag="650" ind1=" " ind2="7">
    <subfield code="a">Pol&#xED;tica econ&#xF3;mica</subfield>
    <subfield code="2">lemb</subfield>
    <subfield code="9">115</subfield>
  </datafield>
  <datafield tag="650" ind1=" " ind2=" ">
    <subfield code="a">Plan de Integracion Nacional</subfield>
    <subfield code="9">7736</subfield>
  </datafield>
  <datafield tag="650" ind1=" " ind2=" ">
    <subfield code="a">Reforma econ&#xF3;mica - Colombia</subfield>
    <subfield code="9">173365</subfield>
  </datafield>
  <datafield tag="650" ind1=" " ind2=" ">
    <subfield code="a">Mandato claro (Programa de desarrollo) - An&#xE1;lisis econ&#xF3;mico</subfield>
    <subfield code="9">48176</subfield>
  </datafield>
  <datafield tag="650" ind1=" " ind2="7">
    <subfield code="a">Apertura econ&#xF3;mica</subfield>
    <subfield code="z">Colombia</subfield>
    <subfield code="2">armarc</subfield>
    <subfield code="9">862770</subfield>
  </datafield>
  <datafield tag="700" ind1=" " ind2="0">
    <subfield code="a">Lleras Camargo, Alberto,</subfield>
    <subfield code="d">1906-1990</subfield>
    <subfield code="4">aut</subfield>
    <subfield code="0">(isni)0000 0000 6636 6057</subfield>
    <subfield code="0">(viaf)39393082</subfield>
    <subfield code="e">aut</subfield>
    <subfield code="9">476480</subfield>
  </datafield>
  <datafield tag="700" ind1="1" ind2="0">
    <subfield code="a">Power, Alejandro</subfield>
    <subfield code="4">aut</subfield>
    <subfield code="e">aut</subfield>
    <subfield code="9">360948</subfield>
  </datafield>
  <datafield tag="700" ind1="1" ind2="0">
    <subfield code="a">Espinosa Valderrama, Abdon</subfield>
    <subfield code="4">aut</subfield>
    <subfield code="e">aut</subfield>
    <subfield code="9">263943</subfield>
  </datafield>
  <datafield tag="700" ind1="1" ind2="0">
    <subfield code="a">Valencia Jaramillo, Jorge</subfield>
    <subfield code="4">aut</subfield>
    <subfield code="0">(isni)0000 0001 3886 6713</subfield>
    <subfield code="0">(viaf)188704674</subfield>
    <subfield code="e">aut</subfield>
    <subfield code="9">264664</subfield>
  </datafield>
  <datafield tag="700" ind1="1" ind2="0">
    <subfield code="a">Cuevas Triana, Carlos Homero,</subfield>
    <subfield code="g">CvLAC</subfield>
    <subfield code="4">aut</subfield>
    <subfield code="e">aut</subfield>
  </datafield>
  <datafield tag="700" ind1="1" ind2="0">
    <subfield code="a">Ram&#xED;rez Ram&#xED;rez, Augusto</subfield>
    <subfield code="4">aut</subfield>
    <subfield code="e">aut</subfield>
    <subfield code="9">360949</subfield>
  </datafield>
  <datafield tag="700" ind1="1" ind2="0">
    <subfield code="a">Florez Enciso, Luis Bernardo</subfield>
    <subfield code="4">aut</subfield>
    <subfield code="e">aut</subfield>
    <subfield code="9">388170</subfield>
  </datafield>
  <datafield tag="700" ind1="1" ind2="0">
    <subfield code="a">Bejarano &#xC1;vila, Jes&#xFA;s Antonio,</subfield>
    <subfield code="d">1946-1999</subfield>
    <subfield code="4">aut</subfield>
    <subfield code="0">(isni)0000 0001 1333 6345</subfield>
    <subfield code="0">(viaf)93643051</subfield>
    <subfield code="e">aut</subfield>
  </datafield>
  <datafield tag="700" ind1="1" ind2="0">
    <subfield code="a">Otero Prada, Diego Fernando</subfield>
    <subfield code="4">aut</subfield>
    <subfield code="e">aut</subfield>
    <subfield code="9">321789</subfield>
  </datafield>
  <datafield tag="700" ind1="1" ind2="0">
    <subfield code="a">Guti&#xE9;rrez Castro, Edgar</subfield>
    <subfield code="4">aut</subfield>
    <subfield code="0">(isni)0000000024184095</subfield>
    <subfield code="0">(viaf)11281684</subfield>
    <subfield code="e">aut</subfield>
    <subfield code="9">259615</subfield>
  </datafield>
  <datafield tag="700" ind1="1" ind2="0">
    <subfield code="a">Cuellar L&#xF3;pez, Mar&#xED;a Mercedes,</subfield>
    <subfield code="d">1946-</subfield>
    <subfield code="4">aut</subfield>
    <subfield code="0">(isni)0000 0000 4238 0794</subfield>
    <subfield code="0">(viaf)78424199</subfield>
    <subfield code="e">aut</subfield>
    <subfield code="9">274399</subfield>
  </datafield>
  <datafield tag="700" ind1="1" ind2="0">
    <subfield code="a">Hommes, Rudolf</subfield>
    <subfield code="4">aut</subfield>
    <subfield code="0">(isni)0000 0000 4205 813X</subfield>
    <subfield code="0">(viaf)70966280</subfield>
    <subfield code="e">aut</subfield>
    <subfield code="9">371264</subfield>
  </datafield>
  <datafield tag="700" ind1="1" ind2="0">
    <subfield code="a">C&#xE1;rdenas Santamaria, Mauricio,</subfield>
    <subfield code="d">1962-</subfield>
    <subfield code="4">aut</subfield>
    <subfield code="e">aut</subfield>
    <subfield code="9">302050</subfield>
  </datafield>
  <datafield tag="700" ind1="1" ind2="0">
    <subfield code="a">Samper Pizano, Ernesto,</subfield>
    <subfield code="d">1950-</subfield>
    <subfield code="4">aut</subfield>
    <subfield code="0">(isni)0000000115806646</subfield>
    <subfield code="0">(viaf)38227815</subfield>
    <subfield code="e">aut</subfield>
    <subfield code="9">473585</subfield>
  </datafield>
  <datafield tag="700" ind1="1" ind2="0">
    <subfield code="a">Baquero Nari&#xF1;o, Alberto</subfield>
    <subfield code="4">aut</subfield>
    <subfield code="e">aut</subfield>
    <subfield code="9">510582</subfield>
  </datafield>
  <datafield tag="700" ind1="1" ind2="0">
    <subfield code="a">Garcia Guerrero, Bernardo</subfield>
    <subfield code="4">aut</subfield>
    <subfield code="e">aut</subfield>
    <subfield code="9">280768</subfield>
  </datafield>
  <datafield tag="700" ind1="1" ind2="0">
    <subfield code="a">Ocampo Gaviria, Jos&#xE9; Antonio,</subfield>
    <subfield code="d">1952-</subfield>
    <subfield code="4">aut</subfield>
    <subfield code="0">(isni)0000000109400981</subfield>
    <subfield code="0">(viaf)121907493</subfield>
    <subfield code="e">aut</subfield>
    <subfield code="9">314825</subfield>
  </datafield>
  <datafield tag="700" ind1=" " ind2="0">
    <subfield code="a">Escobar Arango, Andr&#xE9;s</subfield>
    <subfield code="4">aut</subfield>
    <subfield code="e">aut</subfield>
    <subfield code="9">355739</subfield>
  </datafield>
  <datafield tag="700" ind1="1" ind2="0">
    <subfield code="a">Santamaria Salamanca, Mauricio</subfield>
    <subfield code="4">aut</subfield>
    <subfield code="e">aut</subfield>
    <subfield code="9">363878</subfield>
  </datafield>
  <datafield tag="700" ind1="1" ind2="0">
    <subfield code="a">Echeverry Garz&#xF3;n, Juan Carlos,</subfield>
    <subfield code="d">1962-</subfield>
    <subfield code="4">aut</subfield>
    <subfield code="0">(isni)0000 0000 8137 4928</subfield>
    <subfield code="0">(viaf)58757756</subfield>
    <subfield code="e">aut</subfield>
  </datafield>
  <datafield tag="942" ind1=" " ind2=" ">
    <subfield code="c">BOOK</subfield>
  </datafield>
  <datafield tag="999" ind1=" " ind2=" ">
    <subfield code="c">263725</subfield>
    <subfield code="d">263725</subfield>
  </datafield>
  <datafield tag="952" ind1=" " ind2=" ">
    <subfield code="0">0</subfield>
    <subfield code="1">0</subfield>
    <subfield code="4">0</subfield>
    <subfield code="7">0</subfield>
    <subfield code="8">GEN</subfield>
    <subfield code="a">BC</subfield>
    <subfield code="b">BC</subfield>
    <subfield code="d">2002-09-06</subfield>
    <subfield code="e">Fragua</subfield>
    <subfield code="g">39000.00</subfield>
    <subfield code="i">C755608</subfield>
    <subfield code="l">0</subfield>
    <subfield code="o">330.9861 M689d</subfield>
    <subfield code="p">61000004122211</subfield>
    <subfield code="r">2023-04-24 00:00:00</subfield>
    <subfield code="t">1</subfield>
    <subfield code="w">2023-04-24</subfield>
    <subfield code="y">BOOK</subfield>
  </datafield>
  <datafield tag="952" ind1=" " ind2=" ">
    <subfield code="0">0</subfield>
    <subfield code="1">0</subfield>
    <subfield code="4">0</subfield>
    <subfield code="7">0</subfield>
    <subfield code="8">GEN</subfield>
    <subfield code="a">BC</subfield>
    <subfield code="b">BC</subfield>
    <subfield code="d">2002-09-06</subfield>
    <subfield code="e">Fragua</subfield>
    <subfield code="g">39000.00</subfield>
    <subfield code="i">C755611</subfield>
    <subfield code="l">0</subfield>
    <subfield code="o">330.9861 M689d e2</subfield>
    <subfield code="p">61000004122198</subfield>
    <subfield code="r">2023-07-11 00:00:00</subfield>
    <subfield code="t">2</subfield>
    <subfield code="w">2023-04-24</subfield>
    <subfield code="y">BOOK</subfield>
  </datafield>
  <datafield tag="952" ind1=" " ind2=" ">
    <subfield code="0">0</subfield>
    <subfield code="1">0</subfield>
    <subfield code="4">0</subfield>
    <subfield code="7">0</subfield>
    <subfield code="8">GENERAL</subfield>
    <subfield code="a">BSP</subfield>
    <subfield code="b">BSP</subfield>
    <subfield code="d">2003-01-28</subfield>
    <subfield code="i">C768213</subfield>
    <subfield code="l">0</subfield>
    <subfield code="o">HB71 M6-02</subfield>
    <subfield code="p">6-418188</subfield>
    <subfield code="r">2023-04-24 00:00:00</subfield>
    <subfield code="t">3</subfield>
    <subfield code="w">2023-04-24</subfield>
    <subfield code="y">BOOK</subfield>
  </datafield>
  <datafield tag="952" ind1=" " ind2=" ">
    <subfield code="0">0</subfield>
    <subfield code="1">0</subfield>
    <subfield code="4">0</subfield>
    <subfield code="7">0</subfield>
    <subfield code="8">GENERAL</subfield>
    <subfield code="a">CAUCA</subfield>
    <subfield code="b">CAUCA</subfield>
    <subfield code="d">2008-04-01</subfield>
    <subfield code="i">C994721</subfield>
    <subfield code="l">0</subfield>
    <subfield code="o">330.9861 M689</subfield>
    <subfield code="p">6-10000003243787</subfield>
    <subfield code="r">2023-04-24 00:00:00</subfield>
    <subfield code="t">4</subfield>
    <subfield code="w">2023-04-24</subfield>
    <subfield code="y">BOOK</subfield>
  </datafield>
</record>
